000 00833nam a22002057a 4500
005 20240604104550.0
010 _aHIN-127804
020 _a9789394928756
_c1000.00
035 _aHN-100150
037 _bDBAD
082 _a155.9042
_21
100 _aश्रीचंदानी, सुरेश कुमार
_967264
245 _aतनाव सुप्रबंधन/
_cसुरेश कुमार श्रीचंदानी
250 _aप्रथम
260 _aअजमेर
_bपद्म्कान्ता प्रकाशन
_c2021
270 _a403/16, ठठेरा चौक
_bअजमेर
_e305001
300 _a207पृ.
_c21 सेमी.(अजिल्द)
650 _aहिन्दी
_967265
942 _2ddc
_cHN
_h155.9042
_mश्रीचन्दा
999 _c203478
_d203478